000 00478nam a2200145Ia 4500
008 100204s9999 xx 000 0 und d
082 _b10356
100 _aथोरे अशोक श्रीधर
245 _aपाताळयंत्री
260 _b"मधुर पब्लिकेशन , पुणे 2"
_c1988
300 _a176
630 _aपाताळयंत्री
730 _aपाताळयंत्री
942 _cBOOK
999 _c454792
_d454789